Linguaggio per la nuova evangelizzazione nella missione al popolo (Il) (Record no. 95572)

MARC details
000 -LEADER
fixed length control field 02047nam a2200313Ia 4500
001 - CONTROL NUMBER
control field E2811
003 - CONTROL NUMBER IDENTIFIER
control field IT-RoPAU
008 - FIXED-LENGTH DATA ELEMENTS--GENERAL INFORMATION
fixed length control field 130308s9999 xx 000 0 und d
040 ## - CATALOGING SOURCE
Original cataloging agency IT-RoPAU
040 ## - CATALOGING SOURCE
Transcribing agency IT-RoPAU
041 ## - LANGUAGE CODE
Language code of text/sound track or separate title ITALIANO
100 ## - MAIN ENTRY--PERSONAL NAME
Personal name AA.VV.
100 ## - MAIN ENTRY--PERSONAL NAME
Miscellaneous information Codice Aut. SPICS: 12000
245 ## - TITLE STATEMENT
Title Linguaggio per la nuova evangelizzazione nella missione al popolo (Il)
245 ## - TITLE STATEMENT
Remainder of title Linguaggio per la Nuova Evangelizzazione nella missione al Popolo (Il)
250 ## - EDITION STATEMENT
Edition statement 1a ed.
260 ## - PUBLICATION, DISTRIBUTION, ETC. (IMPRINT)
Place of publication, distribution, etc. S. GABRIELE (TE)
260 ## - PUBLICATION, DISTRIBUTION, ETC. (IMPRINT)
Name of publisher, distributor, etc. Editoriale Eco
260 ## - PUBLICATION, DISTRIBUTION, ETC. (IMPRINT)
Date of publication, distribution, etc. 1997 [1° Ed.:1997 - Ed.Ling.Originale:1997]
300 ## - PHYSICAL DESCRIPTION
Extent "192 p. (prefazione: no ; testo: 192)"
500 ## - GENERAL NOTE
General note Atti del Xiv Corso di Aggiornamento per missionari Itineranti. comunicazioni e Missioni in Italia di John Patrick Foley. religiosi e missione Itinerante di P. Sante Bisignano. Cuore dell'uomo Luogo dell'evangelizzazione di Lilia Capretti. progetto Culturale del Convegno Ecclesiale di Palermo di Mons. Clemente Riva. missione al Popolo e Comunicazione Sociale: Nuova Mappa della Distribuzione dei Media di Tarcisio Cesarato, Tipologia dei Media in Base Alle caratteristiche dell'Emittente di Tarcisio Cesarato, Multimedialità al Servizio della missione al Popolo e Possibilità Offerte Dai Nuovi Media: Esempi di Multimedialità e Informazione di Lorenzo Vezzani, Quali Competenze e Quali Strumenti per L'Uso Ottimale dei Nuovi mezzi di Carlo Cibien, una Griglia di Lettura per I Nuovi Linguaggi, Messaggio Unitario e Stiledi collaborazione per le Missioni al Popolo. missione 2000 nell'Archidiocesi di Bologna di Mons. Alberto di Chio. Padova missione 1997: una Città incontra la Parola di Mons. Giuseppe Masiero. missione Giubileo nella Diocesidi Pordenone di Mons. Lorenzo Cozzarin. Echi della Stampa. Altre Relazionicon scheda a Parte.
650 ## - SUBJECT ADDED ENTRY--TOPICAL TERM
Topical term or geographic name as entry element SAGGI PASTORALE COMUNICAZIONE SOCIALE
650 ## - SUBJECT ADDED ENTRY--TOPICAL TERM
Relator term Codice materia Spics: 9311
700 ## - ADDED ENTRY--PERSONAL NAME
Personal name Taccone Fernando
700 ## - ADDED ENTRY--PERSONAL NAME
Miscellaneous information Codice Aut. SPICS: 48169
942 ## - ADDED ENTRY ELEMENTS (KOHA)
Koha item type LIBRO
957 ## -
-- 1
999 ## - SYSTEM CONTROL NUMBERS (KOHA)
-- 1
Holdings
Withdrawn status Lost status Damaged status Not for loan Home library Current library Date acquired Total Checkouts Full call number Date last seen Price effective from Koha item type Public note
    Buone Condizioni Not For Loan SPICS-MEDIATECA SPICS-MEDIATECA 08/03/2013   E2811 08/03/2013 08/03/2013 LIBRO Progressivo inserimento: 59646 / N. Volumi: 1 Copie: 1 / data import: 1 marzo 2013 - By Epidotti, Trombetti, Vaglietti.
CREDITS: SOCIETA' SAN PAOLO Via A.Severo, 58 - ROMA (RM) & PERIODICI SAN PAOLO SRL Via Giotto, 36 MILANO & CISF Via Giotto, 36 MILANO & EDIZIONI SAN PAOLO SRL,  Piazza Soncino, 5 CINISELLO BALSAMO (MI) -- ITALY